Macbeth : (رقم التسجيلة. 35397)

تفاصيل مارك
000 -الفاتح
حقل البيانات ثابتة الطول 01620cam a2200385 i 4500
001 - رقم الضبط
رقم الضبط 17791008
003 - محدد رقم الضبط
رقم الضبط OSt
005 - وقت وتاريخ اخر تعامل مع التسجيلة
رقم الضبط 20150408114221.0
008 - عناصر البيانات ثابتة الطول - معلومات عامة
حقل البيانات ثابتة الطول 130625t20142014nyua b 000 0 eng
010 ## - رقم ضبط مكتبة الكونجرس
رقم ضبط مكتبة الكونجرس 2013021933
020 ## - الرقم الدولى المعيارى للكتب
الرقم الدولى المعيارى للكتاب 9780393923261 (pbk.)
020 ## - الرقم الدولى المعيارى للكتب
الرقم الدولى المعيارى للكتاب 0393923266 (pbk.)
040 ## - مصدر الفهرسة
وكالة الفهرسة الأصلية DLC
لغة الفهرسة eng
وكالة النسخ DLC
قواعد الوصف rda
وكالة التعديل DLC
042 ## - رمز التحقق
رمز التحقق pcc
043 ## - رمز المنطقة الجغرافية
رمز المنطقة الجغرافية e-uk-st
050 00 - رقم طلب مكتبة الكونجرس
رقم التصنيف PR2823.A2
رقم المادة M56 2014
082 00 - رقم تصنيف ديوى العشرى
رقم التصنيف 822.33
رقم الطبعة 23
رقم المادة SWM
100 1# - المدخل الرئيسى - إسم شخصى
الإسم الشخصى Shakespeare, William,
التواريخ المصاحبة للاسم 1564-1616.
245 10 - بيان العنوان
العنوان Macbeth :
بقية العنوان the text of Macbeth, the actors' gallery, sources and contexts, criticism, afterlives, resources /
بيان المسئوليه,etc William Shakespeare ; edited by Robert S. Miola, Loyola University in Maryland.
250 ## - بيان الطبعة
بيان الطبعة Second edition.
300 ## - الوصف المادى
التعداد xxiv, 381 pages :
تفاصيل ماديه اخرى للوعاء illustrations ;
أبعاد الوعاء 22 cm
490 0# - بيان السلسلة
عنوان السلسلة A Norton critical edition
504 ## - تبصرة ببليوجرافية
تبصرة ببليوجرافية,الخ Includes bibliographical references (pages 377-381).
600 00 - المدخل الاضافى بالموضوع-اسم شخصى
الإسم الشخصى Macbeth,
العنوان والكلمات الأخرى المصاحبة للاسم King of Scotland,
التواريخ المصاحبة للاسم active 11th century
التقسيم الفرعي الشكلي Drama.
9 (RLIN) 45923
600 10 - المدخل الاضافى بالموضوع-اسم شخصى
الإسم الشخصى Shakespeare, William,
التواريخ المصاحبة للاسم 1564-1616.
عنوان العمل Macbeth
التقسيم الفرعي العام Sources.
9 (RLIN) 45924
600 00 - المدخل الاضافى بالموضوع-اسم شخصى
الإسم الشخصى Macbeth,
العنوان والكلمات الأخرى المصاحبة للاسم King of Scotland,
التواريخ المصاحبة للاسم active 11th century
التقسيم الفرعي العام In literature.
9 (RLIN) 38508
600 10 - المدخل الاضافى بالموضوع-اسم شخصى
الإسم الشخصى Shakespeare, William,
التواريخ المصاحبة للاسم 1564-1616.
عنوان العمل Macbeth.
9 (RLIN) 38507
650 #0 - المدخل الاضافى بالموضوع-مصطلح موضوعى
مصطلح موضوعي أو اسم جغرافي كعنصر مدخل Kings and rulers
التقسيم الفرعي العام Succession
التقسيم الفرعي الشكلي Drama.
9 (RLIN) 45925
650 #0 - المدخل الاضافى بالموضوع-مصطلح موضوعى
مصطلح موضوعي أو اسم جغرافي كعنصر مدخل Regicides
التقسيم الفرعي الشكلي Drama.
9 (RLIN) 45926
651 #0 - المدخل الاضافى بالموضوع - اسم جغرافى
الاسم الجغرافي Scotland
التقسيم الفرعي الشكلي Drama.
9 (RLIN) 45927
700 1# - المدخل الاضافى - اسم شخصى
الإسم الشخصى Miola, Robert S.,
الدور editor of compilation.
9 (RLIN) 45928
906 ## - عنصر بيانات محلى F, LDF (RLIN)
a 7
b cbc
c orignew
d 1
e ecip
f 20
g y-gencatlg
942 ## - عناصر المدخل الإضافي( كوها)
مصدر التصنيف او مخطط الترفيف Dewey Decimal Classification
Koha [default] item type كتاب
المقتنيات
حالة الفقد نموذج السعر الفعال حالة تلف ليس للاعارة رقم الطلب تاريخ الاكتساب الموقع الحالي الباركود الفرع الرئيسي Date last seen نوع المادة فى نظام كوها مصدر التصنيف او خطة الترفيف Total Checkouts
  2014-07-07     822.33 SWM 2014-07-07 المكتبة المركزية بالمجمعة (CL) 00651820 المكتبة المركزية بالمجمعة (CL) 2014-07-07 كتاب Dewey Decimal Classification  
  2014-07-07     822.33 SWM 2014-07-07 المكتبة المركزية بالمجمعة (CL) 00651821 المكتبة المركزية بالمجمعة (CL) 2014-07-07 كتاب Dewey Decimal Classification  
  2014-07-07     822.33 SWM 2014-07-07 المكتبة المركزية بالمجمعة (CL) 00651822 المكتبة المركزية بالمجمعة (CL) 2014-07-07 كتاب Dewey Decimal Classification  
  2014-07-07     822.33 SWM 2014-07-07 مكتبة مجمع الكليات بالزلفى - طلاب (SZM) 00651823 مكتبة مجمع الكليات بالزلفى - طلاب (SZM) 2014-07-07 كتاب Dewey Decimal Classification  
  2014-07-07     822.33 SWM 2014-07-07 مكتبة مجمع الكليات بالزلفى - طلاب (SZM) 00651824 مكتبة مجمع الكليات بالزلفى - طلاب (SZM) 2014-07-07 كتاب Dewey Decimal Classification